| 000 | 00804nam a2200253 4500 | ||
|---|---|---|---|
| 003 | OSt | ||
| 005 | 20140626132343.0 | ||
| 008 | 131129s2013 sp a |||||| 001 0 spa d | ||
| 017 |
_aM 26134-2013 _bOficina Depósito Legal Madrid |
||
| 020 | _a9788441534568 | ||
| 040 |
_cCDMR _bcat |
||
| 100 | 1 |
_aGosende Grela, Javier _94567 |
|
| 245 | 1 | 3 |
_aEl libro blanco del emprendedor web _cJavier Gosende Grela |
| 246 | 0 | _aDesarrolla con éxito tu negocio en internet-social media | |
| 260 |
_aMadrid _bAnaya Multimedia _cD.L. 2013 |
||
| 300 |
_a287 p. _bil., gráf. _c21 cm |
||
| 490 | 0 | _aSocial media | |
| 500 | _aÍndex | ||
| 650 | 4 |
_aMàrqueting digital _94161 |
|
| 650 | 4 |
_aEmpreses _94314 _xCreació |
|
| 650 | 4 |
_aEmpreses _94331 _xEstudi de casos |
|
| 650 | 4 |
_aSocial Media Management _94121 |
|
| 942 | _cMON | ||
| 999 |
_c6738 _d6738 |
||